000 00293nam a22001337a 4500
008 170627b xxu||||| |||| 00| 0 eng d
020 _a9780195071269
041 _aeng
080 _a32
100 _a21
101 _aSHP
245 _aBEYOND INTERDEPENDENCE
_cMACNEILL, J
942 _2udc
_cBK
999 _c19111
_d19111